|
|
|
|
| LEADER |
01256nam a2200289 4500 |
| 001 |
37080 |
| 003 |
BD-DhAAL |
| 005 |
20211115120111.0 |
| 008 |
190220t2018 ii ad||| |||| 000 0 eng d |
| 999 |
|
|
|c 41683
|d 41683
|
| 020 |
|
|
|a 9789352665075
|
| 040 |
|
|
|a BD-DhAAL
|
| 082 |
|
|
|a 530.11
|2 23
|
| 100 |
|
|
|a Einstein, Albert
|9 39347
|
| 245 |
|
|
|a Relativity :
|b the Special and General Theory /
|c Albert Einstein.
|
| 260 |
|
|
|a India :
|b Prabhat Prakashan,
|c 2018
|
| 300 |
|
|
|a 136 pages :
|b illustrations ;
|c 23 cm.
|
| 504 |
|
|
|a Includes bibliographical references (pages [134-136] )
|
| 526 |
|
|
|a EEE
|
| 541 |
|
|
|a Hye Trade International
|e 37080, 37081
|
| 650 |
|
|
|a Relativity (Physics).
|9 39348
|
| 650 |
|
|
|a Quantum theory.
|9 39349
|
| 650 |
|
|
|a Electrical engineering
|9 42650
|
| 852 |
|
|
|a Ayesha Abed Library
|c General Stacks
|
| 942 |
|
|
|2 ddc
|c BK
|
| 952 |
|
|
|0 0
|1 0
|2 ddc
|4 0
|6 530_110000000000000_EIN
|7 0
|9 67874
|a BRACUL
|b BRACUL
|c GEN
|d 2020-02-09
|e Hye Trade International
|g 799.00
|l 2
|m 9
|o 530.11 EIN
|p 3010037081
|r 2025-03-11
|s 2025-01-12
|t 2
|v 799.00
|w 2020-02-09
|y BK
|
| 952 |
|
|
|0 0
|1 0
|2 ddc
|4 0
|6 530_110000000000000_EIN
|7 0
|9 67875
|a BRACUL
|b BRACUL
|c GEN
|d 2020-02-09
|e Hye Trade International
|g 799.00
|l 3
|m 2
|o 530.11 EIN
|p 3010037080
|r 2023-10-12
|s 2023-10-10
|t 1
|v 799.00
|w 2020-02-09
|y BK
|